Carregant...
R.V.Kelkar's lectures on criminal procedure
| Autor principal: | |
|---|---|
| Format: | Printed Book |
| Idioma: | English |
| Publicat: |
Lucknow
Eastern Book Company
1978
|
| Edició: | 3rd ed. |
| LEADER | 00536nam a22001577a 4500 | ||
|---|---|---|---|
| 003 | OSt | ||
| 008 | 101008t xxu||||| |||| 00| 0 eng d | ||
| 080 | |a 343.1(042.3) |b KEL' 98 | ||
| 100 | |a Kelkar,R.V. |9 17708 | ||
| 245 | |a R.V.Kelkar's lectures on criminal procedure | ||
| 250 | |a 3rd ed. | ||
| 260 | |a Lucknow |b Eastern Book Company |c 1978 | ||
| 300 | |a 356p. | ||
| 942 | |c BK |6 _ | ||
| 999 | |c 195611 |d 195611 | ||
| 952 | |0 0 |1 0 |4 0 |6 34310423_KEL98 |7 0 |8 GEN |9 251375 |a SLS |b SLS |d 2010-10-08 |l 8 |o 343.1(042.3) KEL' 98 |p SLS019203 |r 2019-05-14 |s 2019-04-25 |t 1 |w 2010-10-08 |y BK | ||